Longest French rivers with an empty map - Statistics

General Stats
  • This quiz has been taken 216 times
  • The average score is 10 of 21
Answers on the Map
Answers color-coded by a green-red scale on the quiz's map according to % correct below.
 
Answer Stats
Rivers Length (mi) Length (km) % Correct
Seine 482 775
98%
Rhône 338 545
96%
Loir 198 319
88%
Garonne 324 523
74%
Loire 625 1006
74%
Meuse 301 486
59%
Marne 319 514
57%
Moselle 195 314
53%
Saône 293 473
45%
Dordogne 300 483
39%
Lot 301 485
38%
Cher 231 365
37%
Oise 221 327
31%
Tarn 235 380
31%
Doubs 267 430
30%
Vienne 240 372
30%
Charente 236 381
29%
Aisne 226 356
26%
Allier 261 421
23%
Durance 201 323
16%
Sarthe 195 314
13%
No matching quizzes found
Score Distribution
Percent of People with Each Score
Percentile by Number Answered
Your Score History
You have not taken this quiz